[Event "Top 12 2021"]
[Site "Chalons en Champagne, France"]
[Date "2021.06.30"]
[Round "7.4"]
[White "Eugene, Floryan ERD"]
[Black "Brunner, Nicolas VAN"]
[Result "1/2-1/2"]
[WhiteElo "2343"]
[BlackElo "2418"]

1. e4 {[%clk 01:30:51]} {[%emt 00:00:08]} c5 {[%clk 01:30:37]} {[%emt
00:00:24]} 2. Nf3 {[%clk 01:31:14]} {[%emt 00:00:07]} d6 {[%clk 01:31:03]}
{[%emt 00:00:04]} 3. d4 {[%clk 01:31:17]} {[%emt 00:00:28]} cxd4 {[%clk
01:31:28]} {[%emt 00:00:04]} 4. Nxd4 {[%clk 01:31:43]} {[%emt 00:00:05]} Nf6
{[%clk 01:31:54]} {[%emt 00:00:04]} 5. Nc3 {[%clk 01:32:05]} {[%emt 00:00:07]}
a6 {[%clk 01:32:21]} {[%emt 00:00:04]} 6. h3 {[%clk 01:30:56]} {[%emt
00:01:40]} e5 {[%clk 01:32:08]} {[%emt 00:00:42]} 7. Nb3 {[%clk 01:31:11]}
{[%emt 00:00:15]} Be6 {[%clk 01:31:13]} {[%emt 00:01:25]} 8. Be3 {[%clk
01:31:32]} {[%emt 00:00:09]} Be7 {[%clk 01:31:01]} {[%emt 00:00:41]} 9. Qf3
{[%clk 01:30:20]} {[%emt 00:01:43]} O-O {[%clk 01:31:14]} {[%emt 00:00:17]} 10.
O-O-O {[%clk 01:30:34]} {[%emt 00:00:16]} b5 {[%clk 01:31:37]} {[%emt
00:00:07]} 11. g4 {[%clk 01:30:38]} {[%emt 00:00:26]} b4 {[%clk 01:32:02]}
{[%emt 00:00:05]} 12. Nd5 {[%clk 01:31:03]} {[%emt 00:00:05]} Nxd5 {[%clk
01:32:27]} {[%emt 00:00:05]} 13. exd5 {[%clk 01:31:29]} {[%emt 00:00:04]} Bc8
{[%clk 01:32:52]} {[%emt 00:00:05]} 14. Bd3 {[%clk 01:31:53]} {[%emt 00:00:06]}
a5 {[%clk 01:33:17]} {[%emt 00:00:06]} 15. Nd2 {[%clk 01:32:00]} {[%emt
00:00:23]} Nd7 {[%clk 01:30:30]} {[%emt 00:03:17]} 16. h4 {[%clk 01:22:02]}
{[%emt 00:10:28]} a4 {[%clk 01:26:19]} {[%emt 00:04:40]} 17. g5 {[%clk
01:10:01]} {[%emt 00:12:32]} Ba6 {[%clk 01:20:41]} {[%emt 00:06:07]} 18. Bf5
{[%clk 01:03:24]} {[%emt 00:07:07]} b3 {[%clk 01:13:42]} {[%emt 00:07:29]} 19.
axb3 {[%clk 00:55:36]} {[%emt 00:08:19]} axb3 {[%clk 01:13:51]} {[%emt
00:00:22]} 20. Nxb3 {[%clk 00:56:01]} {[%emt 00:00:05]} Nb6 {[%clk 01:06:12]}
{[%emt 00:08:07]} 21. h5 {[%clk 00:47:04]} {[%emt 00:09:28]} Nc4 {[%clk
00:51:15]} {[%emt 00:15:26]} 22. Bxh7+ {[%clk 00:38:38]} {[%emt 00:08:56]} Kxh7
{[%clk 00:40:07]} {[%emt 00:11:37]} 23. g6+ {[%clk 00:38:58]} {[%emt 00:00:11]}
Kg8 {[%clk 00:38:56]} {[%emt 00:01:41]} 24. h6 {[%clk 00:39:12]} {[%emt
00:00:17]} fxg6 {[%clk 00:29:08]} {[%emt 00:10:17]} 25. Qg4 {[%clk 00:38:21]}
{[%emt 00:01:21]} Nxe3 {[%clk 00:25:02]} {[%emt 00:04:36]} 26. Qe6+ {[%clk
00:31:59]} {[%emt 00:06:53]} Rf7 {[%clk 00:24:34]} {[%emt 00:00:57]} 27. fxe3
{[%clk 00:32:22]} {[%emt 00:00:07]} Qf8 {[%clk 00:22:10]} {[%emt 00:02:53]} 28.
Rdg1 {[%clk 00:30:03]} {[%emt 00:02:50]} g5 {[%clk 00:20:15]} {[%emt 00:02:25]}
29. e4 {[%clk 00:22:28]} {[%emt 00:08:06]} Bc4 {[%clk 00:18:03]} {[%emt
00:02:41]} 30. hxg7 {[%clk 00:22:00]} {[%emt 00:00:59]} Qxg7 {[%clk 00:18:24]}
{[%emt 00:00:08]} 31. Rh6 {[%clk 00:22:25]} {[%emt 00:00:06]} Bxb3 {[%clk
00:17:23]} {[%emt 00:01:30]} 32. Kd2 {[%clk 00:22:50]} {[%emt 00:00:05]} Bf6
{[%clk 00:11:32]} {[%emt 00:06:21]} 33. Rgh1 {[%clk 00:21:54]} {[%emt
00:01:26]} g4 {[%clk 00:06:39]} {[%emt 00:05:22]} 34. Kd3 {[%clk 00:16:52]}
{[%emt 00:05:32]} Raf8 {[%emt 00:06:09]} 35. cxb3 {[%emt 00:00:11]} g3 1/2-1/2

[Event "Top 12 2021"]
[Site "Chalons en Champagne, France"]
[Date "2021.06.30"]
[Round "7.32"]
[White "Guichard, Pauline ASN"]
[Black "Alexieva, Silvia CHA"]
[Result "1-0"]
[WhiteElo "2413"]
[BlackElo "2271"]

1. d4 {[%clk 01:30:50]} {[%emt 00:00:09]} Nf6 {[%clk 01:30:41]} {[%emt
00:00:19]} 2. c4 {[%clk 01:31:12]} {[%emt 00:00:08]} e6 {[%clk 01:30:42]}
{[%emt 00:00:29]} 3. Nf3 {[%clk 01:31:35]} {[%emt 00:00:07]} d5 {[%clk
01:29:32]} {[%emt 00:01:40]} 4. Nc3 {[%clk 01:31:43]} {[%emt 00:00:21]} Nbd7
{[%clk 01:27:29]} {[%emt 00:02:33]} 5. Bf4 {[%clk 01:25:53]} {[%emt 00:06:21]}
c6 {[%clk 01:22:59]} {[%emt 00:05:01]} 6. c5 {[%clk 01:24:57]} {[%emt
00:01:26]} Nh5 {[%clk 01:18:34]} {[%emt 00:04:55]} 7. e3 {[%clk 01:21:04]}
{[%emt 00:04:23]} Nxf4 {[%clk 01:17:38]} {[%emt 00:01:26]} 8. exf4 {[%clk
01:21:24]} {[%emt 00:00:10]} g6 {[%clk 01:17:53]} {[%emt 00:00:15]} 9. h4
{[%clk 01:19:05]} {[%emt 00:02:49]} Bg7 {[%clk 01:14:30]} {[%emt 00:03:53]} 10.
b4 {[%clk 01:10:09]} {[%emt 00:09:25]} a5 {[%clk 01:01:54]} {[%emt 00:13:06]}
11. a3 {[%clk 01:07:26]} {[%emt 00:03:13]} Qc7 {[%clk 01:00:10]} {[%emt
00:02:14]} 12. g3 {[%clk 01:05:14]} {[%emt 00:02:43]} b6 {[%clk 00:57:11]}
{[%emt 00:03:29]} 13. Qc1 {[%clk 00:53:13]} {[%emt 00:12:30]} axb4 {[%clk
00:52:37]} {[%emt 00:05:04]} 14. axb4 {[%clk 00:53:36]} {[%emt 00:00:08]} Rxa1
{[%clk 00:53:03]} {[%emt 00:00:04]} 15. Qxa1 {[%clk 00:54:01]} {[%emt
00:00:04]} bxc5 {[%clk 00:53:28]} {[%emt 00:00:05]} 16. bxc5 {[%clk 00:54:12]}
{[%emt 00:00:19]} O-O {[%clk 00:53:17]} {[%emt 00:00:41]} 17. Bd3 {[%clk
00:49:24]} {[%emt 00:05:18]} Bb7 {[%clk 00:38:01]} {[%emt 00:15:47]} 18. O-O
{[%clk 00:48:52]} {[%emt 00:01:01]} Ra8 {[%clk 00:38:26]} {[%emt 00:00:05]} 19.
Qb2 {[%clk 00:48:02]} {[%emt 00:01:20]} Ra5 {[%clk 00:35:14]} {[%emt 00:03:42]}
20. Ra1 {[%clk 00:36:32]} {[%emt 00:12:01]} Bc8 {[%clk 00:33:46]} {[%emt
00:01:58]} 21. Kg2 {[%clk 00:30:41]} {[%emt 00:06:21]} Qa7 {[%clk 00:33:30]}
{[%emt 00:00:46]} 22. Rc1 {[%clk 00:26:47]} {[%emt 00:04:25]} Ba6 {[%clk
00:26:47]} {[%emt 00:07:12]} 23. Bb1 {[%clk 00:25:32]} {[%emt 00:01:45]} h5
{[%clk 00:22:32]} {[%emt 00:04:45]} 24. Qd2 {[%clk 00:24:50]} {[%emt 00:01:12]}
Ra3 {[%clk 00:21:20]} {[%emt 00:01:42]} 25. Qe3 {[%clk 00:22:40]} {[%emt
00:02:41]} Nf8 {[%clk 00:18:51]} {[%emt 00:02:58]} 26. Bc2 {[%clk 00:13:39]}
{[%emt 00:09:32]} Bc4 {[%clk 00:16:40]} {[%emt 00:02:41]} 27. Nd2 {[%clk
00:13:27]} {[%emt 00:00:41]} Qa5 {[%clk 00:14:28]} {[%emt 00:02:42]} 28. Ndb1
{[%clk 00:08:12]} {[%emt 00:05:46]} Ra1 {[%clk 00:14:40]} {[%emt 00:00:18]} 29.
Rd1 {[%clk 00:07:41]} {[%emt 00:01:01]} Qb4 {[%clk 00:14:20]} {[%emt 00:00:49]}
30. Kh2 {[%clk 00:06:30]} {[%emt 00:01:41]} Qb2 {[%clk 00:11:47]} {[%emt
00:03:03]} 31. Ba4 {[%clk 00:03:32]} {[%emt 00:03:28]} Qb7 {[%clk 00:06:22]}
{[%emt 00:05:55]} 32. Nd2 {[%clk 00:03:54]} {[%emt 00:00:09]} Rxd1 {[%clk
00:05:38]} {[%emt 00:01:14]} 33. Nxd1 {[%clk 00:04:20]} {[%emt 00:00:04]} Ba6
{[%clk 00:05:07]} {[%emt 00:01:01]} 34. Nf3 {[%clk 00:03:51]} {[%emt 00:00:58]}
Nd7 {[%clk 00:05:00]} {[%emt 00:00:37]} 35. Qe1 {[%clk 00:01:12]} {[%emt
00:03:10]} Bf6 {[%clk 00:03:55]} {[%emt 00:01:35]} 36. Kg2 {[%clk 00:01:19]}
{[%emt 00:00:23]} Bb5 {[%clk 00:03:39]} {[%emt 00:00:45]} 37. Bxb5 {[%clk
00:01:02]} {[%emt 00:00:47]} Qxb5 {[%clk 00:04:06]} {[%emt 00:00:03]} 38. Ne3
{[%clk 00:01:14]} {[%emt 00:00:17]} Qd3 {[%clk 00:03:35]} {[%emt 00:01:02]} 39.
Qa1 {[%clk 00:00:59]} {[%emt 00:00:45]} Qb5 {[%clk 00:01:44]} {[%emt 00:02:21]}
40. Qa7 {[%clk 00:30:46]} {[%emt 00:00:43]} Nf8 {[%clk 00:31:19]} {[%emt
00:00:56]} 41. Nf1 {[%clk 00:23:03]} {[%emt 00:08:14]} Kg7 {[%clk 00:23:45]}
{[%emt 00:08:03]} 42. N1d2 {[%clk 00:21:54]} {[%emt 00:01:39]} Qd3 {[%clk
00:20:15]} {[%emt 00:04:01]} 43. Qc7 {[%clk 00:17:40]} {[%emt 00:04:43]} Nh7
{[%clk 00:14:19]} {[%emt 00:06:26]} 44. Qxc6 {[%clk 00:16:43]} {[%emt
00:01:27]} Bxd4 {[%clk 00:14:39]} {[%emt 00:00:10]} 45. Qc7 {[%clk 00:13:15]}
{[%emt 00:03:59]} Bc3 {[%clk 00:08:24]} {[%emt 00:06:45]} 46. Nf1 {[%clk
00:08:38]} {[%emt 00:05:07]} Qe4 {[%clk 00:06:47]} {[%emt 00:02:07]} 47. c6
{[%clk 00:07:49]} {[%emt 00:01:19]} Nf6 {[%clk 00:05:02]} {[%emt 00:02:15]} 48.
Qa7 {[%clk 00:08:00]} {[%emt 00:00:19]} d4 {[%clk 00:03:50]} {[%emt 00:01:42]}
49. c7 {[%clk 00:03:54]} {[%emt 00:04:36]} Qc6 {[%clk 00:01:24]} {[%emt
00:02:56]} 50. Qb8 {[%clk 00:03:58]} {[%emt 00:00:26]} Nd7 {[%clk 00:01:39]}
{[%emt 00:00:15]} 51. c8=Q {[%clk 00:03:35]} {[%emt 00:00:53]} Nxb8 {[%clk
00:02:02]} {[%emt 00:00:07]} 52. Qxb8 {[%clk 00:04:02]} {[%emt 00:00:02]} d3
{[%clk 00:02:11]} {[%emt 00:00:21]} 53. Qd8 {[%clk 00:04:17]} {[%emt 00:00:15]}
Qe4 {[%clk 00:01:58]} {[%emt 00:00:43]} 54. Qc7 {[%clk 00:03:46]} {[%emt
00:01:02]} Bb2 {[%clk 00:01:26]} {[%emt 00:01:02]} 55. N1d2 {[%clk 00:03:50]}
{[%emt 00:00:26]} Qd5 {[%clk 00:01:52]} {[%emt 00:00:04]} 56. Qc4 {[%clk
00:04:11]} {[%emt 00:00:09]} Qd8 {[%clk 00:01:29]} {[%emt 00:00:52]} 57. Ne1
{[%clk 00:03:15]} {[%emt 00:01:26]} 1-0

[Event "Top 12 2021"]
[Site "Chalons en Champagne, France"]
[Date "2021.06.30"]
[Round "7.41"]
[White "Bauer, Christian CCH"]
[Black "Wirig, Anthony GRA"]
[Result "1/2-1/2"]
[WhiteElo "2639"]
[BlackElo "2500"]

1. e4 {[%clk 01:30:52]} {[%emt 00:00:07]} c5 {[%clk 01:30:51]} {[%emt
00:00:09]} 2. Nf3 {[%clk 01:30:26]} {[%emt 00:00:56]} e6 {[%clk 01:30:58]}
{[%emt 00:00:23]} 3. d4 {[%clk 01:30:21]} {[%emt 00:00:35]} cxd4 {[%clk
01:31:11]} {[%emt 00:00:16]} 4. Nxd4 {[%clk 01:30:45]} {[%emt 00:00:06]} Nf6
{[%clk 01:30:20]} {[%emt 00:01:20]} 5. Nc3 {[%clk 01:30:57]} {[%emt 00:00:19]}
Nc6 {[%clk 01:30:39]} {[%emt 00:00:11]} 6. Nxc6 {[%clk 01:31:07]} {[%emt
00:00:20]} bxc6 {[%clk 01:30:58]} {[%emt 00:00:11]} 7. e5 {[%clk 01:31:32]}
{[%emt 00:00:05]} Nd5 {[%clk 01:31:16]} {[%emt 00:00:12]} 8. Ne4 {[%clk
01:31:58]} {[%emt 00:00:05]} Qc7 {[%clk 01:31:25]} {[%emt 00:00:21]} 9. f4
{[%clk 01:32:21]} {[%emt 00:00:08]} Qb6 {[%clk 01:31:20]} {[%emt 00:00:35]} 10.
c4 {[%clk 01:32:35]} {[%emt 00:00:15]} Bb4+ {[%clk 01:31:26]} {[%emt 00:00:24]}
11. Ke2 {[%clk 01:32:54]} {[%emt 00:00:11]} f5 {[%clk 01:31:21]} {[%emt
00:00:35]} 12. exf6 {[%clk 01:30:19]} {[%emt 00:03:06]} Nxf6 {[%clk 01:31:16]}
{[%emt 00:00:34]} 13. Be3 {[%emt 00:00:33]} Qd8 {[%clk 01:31:06]} {[%emt
00:00:40]} 14. Nd6+ {[%clk 01:30:21]} {[%emt 00:00:26]} Bxd6 {[%clk 01:31:27]}
{[%emt 00:00:08]} 15. Qxd6 {[%clk 01:30:45]} {[%emt 00:00:06]} Bb7 {[%clk
01:30:47]} {[%emt 00:01:10]} 16. Rg1 {[%clk 01:13:11]} {[%emt 00:18:05]} c5
{[%clk 01:13:17]} {[%emt 00:18:00]} 17. Rd1 {[%clk 01:03:01]} {[%emt 00:10:40]}
Ne4 {[%clk 01:12:16]} {[%emt 00:01:31]} 18. Qd3 {[%clk 00:51:16]} {[%emt
00:12:15]} d5 {[%clk 01:01:30]} {[%emt 00:11:15]} 19. Qxe4 {[%clk 00:39:38]}
{[%emt 00:12:09]} dxe4 {[%clk 01:01:13]} {[%emt 00:00:47]} 20. Rxd8+ {[%clk
00:40:03]} {[%emt 00:00:05]} Rxd8 {[%clk 00:52:01]} {[%emt 00:09:41]} 21. Bxc5
{[%clk 00:40:26]} {[%emt 00:00:08]} Kf7 {[%clk 00:46:11]} {[%emt 00:06:19]} 22.
Ke1 {[%clk 00:33:38]} {[%emt 00:07:19]} Rd7 {[%clk 00:42:33]} {[%emt 00:04:08]}
23. Be2 {[%clk 00:33:29]} {[%emt 00:00:40]} Bc6 {[%clk 00:38:33]} {[%emt
00:04:30]} 24. g4 {[%clk 00:29:38]} {[%emt 00:04:20]} a5 {[%clk 00:37:18]}
{[%emt 00:01:44]} 25. Rg3 {[%clk 00:28:30]} {[%emt 00:01:38]} a4 {[%clk
00:37:21]} {[%emt 00:00:28]} 26. Ra3 {[%clk 00:18:42]} {[%emt 00:10:18]} Ra8
{[%clk 00:30:41]} {[%emt 00:07:10]} 27. h4 {[%emt 00:09:32]} h5 {[%emt
00:00:16]} 28. gxh5 {[%emt 00:00:02]} Kf6 29. Rg3 {[%emt 00:00:06]} Rb8 {[%emt
00:00:17]} 30. b4 {[%emt 00:00:06]} axb3 31. axb3 Ra8 32. Bb4 {[%emt 00:00:38]}
Ra1+ {[%emt 00:00:01]} 33. Kf2 {[%emt 00:00:01]} Ra2 {[%emt 00:00:16]} 1/2-1/2

[Event "Top 12 2021"]
[Site "Chalons en Champagne, France"]
[Date "2021.06.30"]
[Round "7.45"]
[White "Maurizzi, Marc Andria CCH"]
[Black "Milliet, Sophie GRA"]
[Result "0-1"]
[WhiteElo "2503"]
[BlackElo "2407"]

1. e4 {[%clk 01:30:41]} {[%emt 03:00:55]} e5 {[%clk 01:30:55]} {[%emt
00:00:05]} 2. Nf3 {[%clk 01:30:55]} {[%emt 00:00:15]} Nc6 {[%emt 00:00:06]} 3.
Bb5 {[%emt 00:00:19]} a6 {[%emt 00:00:10]} 4. Ba4 {[%emt 00:00:35]} Nf6 {[%emt
00:00:07]} 5. Nc3 {[%emt 00:00:28]} Bc5 {[%emt 00:00:19]} 6. Bxc6 {[%emt
00:01:04]} dxc6 {[%emt 00:00:06]} 7. d3 {[%emt 00:00:04]} Ng4 {[%emt 00:00:18]}
8. O-O {[%emt 00:14:52]} Qe7 {[%emt 00:00:05]} 9. Ne2 {[%emt 00:06:47]} Bd7
{[%emt 00:05:15]} 10. h3 {[%emt 00:07:52]} h5 {[%emt 00:00:22]} 11. Ng3 {[%emt
00:04:53]} O-O-O {[%emt 00:02:58]} 12. Qe2 {[%emt 00:04:44]} g6 {[%emt
00:04:26]} 13. c3 {[%emt 00:06:00]} f6 {[%emt 00:07:05]} 14. d4 {[%emt
00:06:00]} Bd6 {[%emt 00:10:26]} 15. Re1 {[%emt 00:02:30]} c5 {[%emt 00:06:12]}
16. dxe5 {[%emt 00:04:38]} Nxe5 {[%emt 00:00:38]} 17. Nxe5 {[%emt 00:06:24]}
Qxe5 {[%emt 00:04:58]} 18. f4 {[%emt 00:02:14]} Qe6 {[%emt 00:00:16]} 19. Qf2
{[%emt 00:06:56]} h4 {[%emt 00:05:09]} 20. Nf1 {[%emt 00:00:28]} Bc6 {[%emt
00:02:32]} 21. e5 {[%emt 00:04:21]} fxe5 {[%emt 00:02:12]} 22. fxe5 {[%emt
00:00:02]} Be7 {[%emt 00:06:30]} 23. Nh2 {[%emt 00:01:41]} Rhf8 {[%emt
00:01:59]} 24. Qe2 {[%emt 00:01:21]} c4 {[%emt 00:05:06]} 25. Ng4 {[%emt
00:04:35]} Rd3 {[%emt 00:03:43]} 26. Be3 {[%emt 00:00:07]} Qd5 {[%emt
00:04:10]} 27. Rf1 {[%emt 00:02:15]} Rf5 {[%emt 00:04:19]} 28. Rf2 {[%emt
00:01:16]} Bc5 {[%emt 00:09:51]} 29. Bxc5 {[%emt 00:00:44]} Qxc5 {[%emt
00:00:05]} 30. Raf1 {[%emt 00:02:11]} Rg3 {[%emt 00:01:42]} 31. Kh2 {[%emt
00:00:21]} b5 {[%emt 00:12:09]} 32. e6 {[%emt 00:01:07]} Qe7 {[%emt 00:00:43]}
33. Nh6 {[%emt 00:04:02]} Qd6 {[%emt 00:01:23]} 34. Kg1 {[%emt 00:00:46]} Re5
{[%emt 00:00:10]} 35. Qd2 {[%emt 00:02:58]} Bxg2 {[%emt 00:00:43]} 36. Rf8+
{[%emt 00:01:07]} Kb7 {[%emt 00:00:07]} 37. Qxd6 {[%emt 00:00:03]} Bxf1+ {[%emt
00:00:44]} 38. Kxf1 {[%emt 00:00:02]} cxd6 {[%emt 00:00:06]} 39. Nf7 {[%emt
00:00:02]} Ree3 {[%emt 00:01:40]} 40. Re8 {[%emt 00:01:35]} Kc6 {[%emt
00:01:42]} 41. Nd8+ {[%emt 00:03:00]} Kd5 {[%emt 00:03:08]} 42. e7 {[%emt
00:00:54]} Rxh3 {[%emt 00:02:32]} 0-1